000 00486nam a2200145Ia 4500
008 200619s9999 xx 000 0 und d
020 _a8189884345
082 _a338KHA
100 _aMeena Khandelwal Sondra L. Housner Ann Grodzins Gold
245 0 _aNuns, Yoginis, Saints and Singers-Women’s Renunciation in South Asia
264 _aNew Delhi
_bZuban an Associate of Kali for women
_c2007
300 _a375
942 _cIR
999 _c119822
_d119822